000 00396nam a2200157Ia 4500
008 230917s9999||||xx |||||||||||||| ||und||
040 _e179866
_aMAIN
041 _aEnglish
082 _a658.3 M311P
100 _aMamoria, C B
245 0 _aPersonnel management: Text and cases
250 _a21st ed.
260 _aMumbai
_bHimalaya Publishing House
_c2001
300 _a932 p.
942 _cBK
999 _c163713
_d163713